| 000 | 00939cam a22002897a 4500 | ||
|---|---|---|---|
| 003 | CHAP | ||
| 005 | 20250913062743.0 | ||
| 008 | 971013s r 00010 d | ||
| 010 | _a68879 | ||
| 011 | _a69851 | ||
| 035 | _a79329 | ||
| 040 | _cCHAP | ||
| 090 | _aR-3173 | ||
| 100 | 0 | 0 |
_aAltés, Alvaro. _94706 |
| 245 | 1 | 3 | _aEl método de Jean de Brie para el cultivo del cereal sin abonar |
| 500 | _aSobretiro de: Integral: ecología, salud y vida natural. -- 2 ed. -- 1: 24-25, 1985. | ||
| 501 | _aEnc. con otros impresos similares | ||
| 590 |
_aBATCH-UPD _b10 _c20130110 _lUCH01 _h0559 |
||
| 590 |
_aBATCH-UPD _b10 _c20130410 _lUCH01 _h0240 |
||
| 590 |
_aBATCH-UPD _b10 _c20130914 _lUCH01 _h0250 |
||
| 590 |
_aCONVERSION _b10 _c20130109 _lUCH01 _h1338 |
||
| 650 | 1 | 4 |
_aCereales _xRendimiento. _921461 |
| 650 | 1 | 7 |
_aLabranza _xEfecto en suelos _2 _964305 |
| 901 | _aBK | ||
| 942 | _cREIMP | ||
| 949 |
_aR-3173 _bBC _cR _d-32216 _eTS1 _i79329 _si |
||
| 999 |
_c68879 _d68879 |
||